[Event "Maastricht Limburg op-B 8th"]
[Site "Maastricht"]
[Date "2014.06.06"]
[Round "1"]
[White "Yildiz, Kemal"]
[Black "Bauchmueller, Franz Josef"]
[Result "1-0"]
[WhiteElo "1938"]
[BlackElo "1789"]
[PlyCount "87"]
[EventDate "2014.06.06"]
[EventType "swiss"]
[EventRounds "7"]
[EventCountry "NED"]
[SourceTitle "EXT 2015"]
[Source "ChessBase"]
[SourceDate "2014.11.20"]
[SourceVersion "1"]
[SourceVersionDate "2014.11.20"]
[SourceQuality "1"]

1. d4 d5 2. c4 e5 3. dxe5 d4 4. Nf3 Nc6 5. g3 Bb4+ 6. Bd2 Bxd2+ 7. Nbxd2 Bg4 8. Bg2 Qe7 9. 0-0 0-0-0 10. Qa4 Qb4 11. Qxb4 Nxb4 12. a3 Nc6 13. b4 f6 14. exf6 Nxf6 15. b5 Na5 16. h3 Be6 17. Ne5 Rhe8 18. f4 Nh5 19. Kh2 g6 20. Rac1 Ng7 21. g4 h5 22. Kg3 Bg8 23. Ndf3 Nb3 24. Rc2 Nc5 25. Ng5 hxg4 26. hxg4 Nge6 27. Nxe6 Bxe6 28. Rd1 g5 29. fxg5 Bg8 30. Nd3 Re3+ 31. Kh2 Ne6 32. Nb4 Nxg5 33. Nd5 Bxd5 34. cxd5 Rxa3 35. Rxd4 Rh8+ 36. Kg1 Ra1+ 37. Kf2 Rf8+ 38. Ke3 Ra3+ 39. Rd3 Ra5 40. d6 Rf7 41. Rc5 Ne6 42. Re5 Nf4 43. d7+ Rxd7 44. Re8+ 1-0